[Event "Golden Cleopatra op 7th"]
[Site "Cairo"]
[Date "2003.06.01"]
[Round "1"]
[White "Abdelnabbi, Imed"]
[Black "Asham, Mohamed"]
[Result "1-0"]
[WhiteElo "2446"]
[BlackElo "2009"]
[PlyCount "73"]
[EventDate "2003.06.03"]
[EventType "swiss"]
[EventRounds "10"]
[EventCountry "EGY"]
[SourceTitle "CBM 094 Extra"]
[Source "ChessBase"]
[SourceDate "2003.07.09"]
[SourceVersion "2"]
[SourceVersionDate "2003.07.09"]
[SourceQuality "1"]

1. e4 c5 2. Nf3 Nc6 3. d4 cxd4 4. Nxd4 Qc7 5. Nc3 e6 6. Be2 a6 7. 0-0 Nxd4 8. Qxd4 Ne7 9. Be3 Nc6 10. Qb6 Bd6 11. f4 Qb8 12. Na4 Bc7 13. Qc5 d6 14. Qc3 0-0 15. Nb6 Rd8 16. Rad1 Bd7 17. Qe1 Ne7 18. Nxa8 Qxa8 19. Qh4 Ng6 20. Qf2 Ne7 21. Bb6 Bxb6 22. Qxb6 Bc6 23. Bf3 Rd7 24. c4 Nc8 25. Qd4 b5 26. c5 d5 27. exd5 Bxd5 28. f5 Ne7 29. fxe6 fxe6 30. Qe5 Qc8 31. Bxd5 Rxd5 32. Rxd5 Nxd5 33. Qd6 h6 34. c6 a5 35. Qd7 Nb6 36. Qxc8+ Nxc8 37. c7 1-0